| 000 | 00618nam a22001817a 4500 | ||
|---|---|---|---|
| 999 |
_c526280 _d526280 |
||
| 003 | NUST | ||
| 020 |
_a978-969-9042-041 _qHBK |
||
| 038 | _aFaiza | ||
| 082 |
_a323.4 _bJAC |
||
| 100 |
_aJacub, Peter _917251 |
||
| 245 |
_aInsani Haqoq ka Bain ul Aqwami Nizam / _cPeter Jacub |
||
| 260 |
_aLahore : _bQomi Commision Barae Aman o Insaf, _c2007. |
||
| 300 | _a152 p. ; | ||
| 880 |
_6100-01\r _aپیٹر جیکب |
||
| 880 |
_6245-02/r _aانسانی حقوق کا بین الاقوامی نظام / |
||
| 880 |
_6260-03\r _aلاہور : _bقومی کمیشن برائے امن و انصاف, _c۲۰۰۷. |
||
| 942 |
_2ddc _cBK |
||